• 首页
  • 本馆介绍
  • 公告通知
  • 最新文献
  • 馆藏检索
  • 电子资源
  • 读者导购
  • 参考咨询
  • 我的图书馆
  • 登录
  • 详细信息显示
  • 放入我的书架
  • 预约/预借图书
  • 作者相关作品
  • 分类相关作品
  • 丛书相关作品
  • 出版社相关作品

书目信息

  • 表格格式
  • 工作单格式
  • 卡片格式
题名:
资产阶级庸俗政治经济学选辑
    
 
作者: 季陶达 主编
分册:  
出版信息: 北京   商务印书馆  1963
页数: 552页
开本: 21cm
丛书名:
单 册:
中图分类: F02
科图分类:
主题词: 前资本主义社会--生产方式
电子资源:
ISBN:
000 00568nam0 2200193 450
001 0660561515
005 20060719165037.62
010    @dCNY2.00
100    @a20060719d1963 km y0chiy0120 ea
101 0  @achi
102    @aCN@b110000
200 1  @a资产阶级庸俗政治经济学选辑@Azi chan jie ji yong su zheng zhi jing ji xue xuan ji@f季陶达主编@Fji tao da zhu bian
210    @a北京@c商务印书馆@d1963
215    @a552页@d21cm
606 0  @a前资本主义社会@x生产方式
690    @aF02@v3
701  0 @a季陶达@Aji tao da@4主编
801  0 @aCN@bPFT@c20060719
905    @a10447@dF02@e40
    
    资产阶级庸俗政治经济学选辑/季陶达主编.-北京:商务印书馆,1963
    552页;21cm
    
    
    ISBN :CNY2.00
    
●
相关链接 在E读中查询图书 在五车中查询图书 在当当中查询图书 在豆瓣中查询图书


正题名:资产阶级庸俗政治经济学选辑     索取号:F02/40         预约/预借

序号 登录号 条形码 馆藏地/架位号 状态 备注
1 0424484   204244843   密集书库/ [索取号:F02/40] 在馆    
唐山师范学院图书馆 欢迎您!
大连网信软件有限公司© 版权所有